00363nam a22000977a 4500008004100000082001700041110000800058245016300066260002700229300000900256230609b xxu||||| |||| 00| 0 eng d a354.676bGOK bGoK a2011/2012 Supplementary Estimates (Development Expenditure)bEstimates of further sums required to be voted for the service of the year ending 30th June, 2012 aKenyabGoKcJune, 2012 a636p